000 00282nam a2200097Ia 4500
001 1300028
005 20260420095856.0
008 260420s9999 xx 000 0 und d
245 0 _aALPER - OYUNCAKLARIN HEPSİ BENİM OLAMAZ MI
_cNURŞEN ŞİRİN
260 _bTİMAŞ ÇOCUK YAYINLARI
999 _c1300028
_d1300028